<?xml version="1.0" encoding="UTF-8"?>
<record
    xmlns:xsi="http://www.w3.org/2001/XMLSchema-instance"
    xsi:schemaLocation="http://www.loc.gov/MARC21/slim http://www.loc.gov/standards/marcxml/schema/MARC21slim.xsd"
    xmlns="http://www.loc.gov/MARC21/slim">

  <leader>01565cas a2200397 a 4500</leader>
  <datafield tag="999" ind1=" " ind2=" ">
    <subfield code="c">7870</subfield>
    <subfield code="d">7870</subfield>
  </datafield>
  <controlfield tag="001">991042020069706706</controlfield>
  <controlfield tag="003">OSt</controlfield>
  <controlfield tag="005">20240223110249.0</controlfield>
  <controlfield tag="007">cr |||||||||||</controlfield>
  <controlfield tag="008">120216c20119999sp fr p|o|||| 0|| b|mul| </controlfield>
  <datafield tag="022" ind1=" " ind2=" ">
    <subfield code="a">2014-5039</subfield>
    <subfield code="l">2462-6384</subfield>
  </datafield>
  <datafield tag="035" ind1=" " ind2=" ">
    <subfield code="a">(ES-BaCBU).b52299867</subfield>
  </datafield>
  <datafield tag="040" ind1=" " ind2=" ">
    <subfield code="a">ES-BaBC</subfield>
    <subfield code="b">cat</subfield>
    <subfield code="c">CDMR</subfield>
    <subfield code="d">CDMR</subfield>
  </datafield>
  <datafield tag="041" ind1=" " ind2=" ">
    <subfield code="a">cat</subfield>
    <subfield code="b">por</subfield>
  </datafield>
  <datafield tag="043" ind1=" " ind2=" ">
    <subfield code="a">e-sp---</subfield>
    <subfield code="b">e-spc--</subfield>
    <subfield code="2">catmarc</subfield>
  </datafield>
  <datafield tag="044" ind1=" " ind2=" ">
    <subfield code="c">esp</subfield>
  </datafield>
  <datafield tag="080" ind1=" " ind2=" ">
    <subfield code="a">654(467.1)(05)</subfield>
  </datafield>
  <datafield tag="245" ind1="0" ind2="0">
    <subfield code="a">Obra digital</subfield>
    <subfield code="h">[Recurs electr&#xF2;nic] :</subfield>
    <subfield code="b">e-monografies en l'&#xE0;mbit de la comunicaci&#xF3; digital</subfield>
  </datafield>
  <datafield tag="260" ind1=" " ind2=" ">
    <subfield code="a">[Vic] :</subfield>
    <subfield code="b">Grup de recerca Interaccions Digitals de la Universitat de Vic,</subfield>
    <subfield code="c">2011-</subfield>
  </datafield>
  <datafield tag="310" ind1=" " ind2=" ">
    <subfield code="a">Semestral</subfield>
  </datafield>
  <datafield tag="362" ind1="0" ind2=" ">
    <subfield code="a">N&#xFA;m. 1 (set. 2011)-</subfield>
  </datafield>
  <datafield tag="500" ind1=" " ind2=" ">
    <subfield code="a">Descripci&#xF3; del recurs: 16 febr. 2012</subfield>
  </datafield>
  <datafield tag="500" ind1=" " ind2=" ">
    <subfield code="a">El terme "arrova" del t&#xED;tol est&#xE0; representat pel seu s&#xED;mbol</subfield>
  </datafield>
  <datafield tag="500" ind1=" " ind2=" ">
    <subfield code="a">Cada n&#xFA;m. t&#xE9; un t&#xED;tol distintiu</subfield>
  </datafield>
  <datafield tag="500" ind1=" " ind2=" ">
    <subfield code="a">A partir del n&#xFA;m. 11, tamb&#xE9; es publica en versi&#xF3; impresa</subfield>
  </datafield>
  <datafield tag="500" ind1=" " ind2=" ">
    <subfield code="a">A partir del n&#xFA;m. 3 la llengua de la publicaci&#xF3; &#xE9;s el castell&#xE0; i el portugu&#xE8;s</subfield>
  </datafield>
  <datafield tag="504" ind1=" " ind2=" ">
    <subfield code="a">Bibliografia</subfield>
  </datafield>
  <datafield tag="546" ind1=" " ind2=" ">
    <subfield code="a">Text en catal&#xE0; i portugu&#xE8;s</subfield>
  </datafield>
  <datafield tag="650" ind1=" " ind2="7">
    <subfield code="a">Comunicaci&#xF3; audiovisual</subfield>
    <subfield code="z">Catalunya</subfield>
    <subfield code="x">Revistes.</subfield>
    <subfield code="2">lemac</subfield>
  </datafield>
  <datafield tag="710" ind1=" " ind2=" ">
    <subfield code="a">Grup de recerca d'interaccions digitals</subfield>
    <subfield code="9">2907</subfield>
  </datafield>
  <datafield tag="856" ind1="4" ind2="0">
    <subfield code="z">Acc&#xE9;s lliure</subfield>
    <subfield code="u">https://revistesdigitals.uvic.cat/index.php/obradigital/issue/archive</subfield>
  </datafield>
  <datafield tag="907" ind1=" " ind2=" ">
    <subfield code="a">.b52299867</subfield>
    <subfield code="b">18-06-21</subfield>
    <subfield code="c">16-02-12</subfield>
    <subfield code="d">16-02-12</subfield>
    <subfield code="e">s</subfield>
    <subfield code="f">v</subfield>
    <subfield code="g">-</subfield>
    <subfield code="h">cat</subfield>
    <subfield code="i">spc</subfield>
    <subfield code="j">0</subfield>
    <subfield code="k">0</subfield>
  </datafield>
  <datafield tag="908" ind1=" " ind2=" ">
    <subfield code="a">UPC</subfield>
    <subfield code="a">UPF</subfield>
    <subfield code="a">UdL</subfield>
    <subfield code="a">UdG</subfield>
    <subfield code="a">URV</subfield>
    <subfield code="a">UVic-UCC</subfield>
    <subfield code="a">BC</subfield>
    <subfield code="a">UAB</subfield>
    <subfield code="a">UB</subfield>
  </datafield>
  <datafield tag="940" ind1=" " ind2=" ">
    <subfield code="a">BC</subfield>
  </datafield>
  <datafield tag="942" ind1=" " ind2=" ">
    <subfield code="2">udc</subfield>
    <subfield code="c">SER-E</subfield>
  </datafield>
  <datafield tag="952" ind1=" " ind2=" ">
    <subfield code="0">0</subfield>
    <subfield code="1">0</subfield>
    <subfield code="4">0</subfield>
    <subfield code="7">0</subfield>
    <subfield code="a">CDMR</subfield>
    <subfield code="b">CDMR</subfield>
    <subfield code="d">2024-02-23</subfield>
    <subfield code="l">0</subfield>
    <subfield code="o">Disponible en l&#xED;nia</subfield>
    <subfield code="r">2024-02-23</subfield>
    <subfield code="w">2024-02-23</subfield>
    <subfield code="y">SER-E</subfield>
  </datafield>
</record>
